Návrh zariadenia na využívanie sivej a zrážkovej vody

Enregistré dans:
Détails bibliographiques
Auteur principal: Szépová, Andrea (Auteur)
Autres auteurs: Jánošková, Taťjana (Directeur de thèse)
Format: Manuscrit Livre
Langue:slovaque
Publié: 2017
Sujets:
Accès en ligne:http://is.stuba.sk/zp/portal_zp.pl?podrobnosti=124433
https://opac.crzp.sk/?fn=detailBiblioForm&sid=CBCDB6E5622FB9C0D15A4628BE80
Tags: Ajouter un tag
Pas de tags, Soyez le premier à ajouter un tag!

MARC

LEADER 00000ntm a22000003a 4500
001 stuzp63219
003 SK-STU
005 20230818125933.7
007 ta
008 150427s2015----xo-----f-mn---000-0-slo-d
040 |a STU  |b slo 
041 0 |a slo 
100 1 |a Szépová, Andrea  |u 010290  |4 aut  |U SvF Stavebná fakulta  |T SvF Katedra technických zariadení budov  |X 67628  |U V290  |Y 31  |7 A000067628 
242 0 1 |a Facility design for the use of gray and rain water  |y eng 
245 1 0 |a Návrh zariadenia na využívanie sivej a zrážkovej vody 
260 |c 2017 
650 4 |a sivá voda  |2 slo 
650 4 |a zrážková voda  |2 slo 
650 4 |a prevádzková voda  |2 slo 
650 4 |a graywater  |2 eng 
650 4 |a rainwater  |2 eng 
650 4 |a service water  |2 eng 
700 1 |a Jánošková, Taťjana  |u 010290  |k Z1  |4 ths  |U SvF Stavebná fakulta  |T SvF Katedra technických zariadení budov  |X 2745  |U V290  |Y 31  |7 A000002745 
856 4 |u http://is.stuba.sk/zp/portal_zp.pl?podrobnosti=124433 
856 4 |u https://opac.crzp.sk/?fn=detailBiblioForm&sid=CBCDB6E5622FB9C0D15A4628BE80